00866 a2200193 4500003000500000005001700005040000900022082001200031100002500043245004900068260003400117300003100151505029300182600002500475650002000500942001200520999001900532952012100551Nust20230525120832.0 cNust a823,BRI aBridge, Ann,9107213 aThe song in the house stories bycAnn Bridge aChatto & WindusbLondonc1936 avii,283, p.;billusc19 cm aThe Buick Saloon (Page-1),The Song In The House (Page-31),The Record (Page-62),The Accident (Page-92),The Wooden Madonna (Page-133), The Burberry (Page-155),The Glass Of Milk (Page-189),The Beech Tree (Page-218),Pepitas Miracle (Page-225),The Station Road (Page-242),The Walk (Page-257). aBridge, Ann,9107213 aStories9107557 2ddccBK c186747d186747 00102ddc4070aMCSbMCScFICd2016-12-12o823,BRIpMCS30142r2016-12-08w2016-12-12yBKzAlmirah No.57, Shelf No.5